[Event "World Chess Olympiad 2018"]
[Site "Batumi"]
[Date "2018.09.30"]
[Round "6"]
[Board "3"]
[WhiteFideId "16400135"]
[White "Mwale Joseph"]
[BlackFideId "16300440"]
[Black "Yang Ching Wei Austin"]
[Result "1-0"]
[LiveChessVersion "1.4.8"]
[BlackElo "2198"]
[WhiteElo "2231"]

1. Nf3 {[%clk 1:30:58]} Nf6 {[%clk 1:30:43]} 2. g3 {[%clk 1:31:24]} d5
{[%clk 1:31:01]} 3. Bg2 {[%clk 1:31:50]} e6 {[%clk 1:30:56]} 4. O-O
{[%clk 1:32:14]} Be7 {[%clk 1:31:18]} 5. d4 {[%clk 1:32:39]} O-O {[%clk 1:31:42]}
6. c4 {[%clk 1:33:06]} dxc4 {[%clk 1:31:44]} 7. Qc2 {[%clk 1:33:31]} b5
{[%clk 1:31:39]} 8. a4 {[%clk 1:33:56]} b4 {[%clk 1:31:55]} 9. Nfd2
{[%clk 1:30:42]} c6 {[%clk 1:28:52]} 10. Nxc4 {[%clk 1:31:07]} Qxd4
{[%clk 1:27:03]} 11. Rd1 {[%clk 1:31:35]} Qc5 {[%clk 1:25:18]} 12. Be3
{[%clk 1:31:37]} Qh5 {[%clk 1:14:30]} 13. Nbd2 {[%clk 1:31:58]} Ng4
{[%clk 1:04:57]} 14. Nf1 {[%clk 1:32:18]} Nxe3 {[%clk 1:02:28]} 15. Nfxe3
{[%clk 1:32:18]} Na6 {[%clk 0:50:30]} 16. Bxc6 {[%clk 1:31:00]} Rb8
{[%clk 0:50:36]} 17. Bf3 {[%clk 1:29:38]} Qc5 {[%clk 0:48:05]} 18. Rd2
{[%clk 1:24:52]} Qc7 {[%clk 0:37:25]} 19. Rad1 {[%clk 1:24:21]} Nc5
{[%clk 0:37:21]} 20. b3 {[%clk 1:16:03]} Ba6 {[%clk 0:35:39]} 21. Nd6
{[%clk 1:08:08]} Rfd8 {[%clk 0:31:25]} 22. Ne4 {[%clk 1:01:47]} Rxd2
{[%clk 0:27:44]} 23. Rxd2 {[%clk 0:51:55]} Rc8 {[%clk 0:26:49]} 24. Nxc5
{[%clk 0:51:14]} Bxc5 {[%clk 0:26:55]} 25. Qe4 {[%clk 0:50:28]} g6
{[%clk 0:19:11]} 26. Nc2 {[%clk 0:44:59]} Be7 {[%clk 0:15:56]} 27. Kg2
{[%clk 0:43:53]} Rb8 {[%clk 0:10:43]} 28. Nd4 {[%clk 0:35:09]} Bb7
{[%clk 0:10:02]} 29. Rc2 {[%clk 0:24:04]} Qb6 {[%clk 0:08:23]} 30. Qf4
{[%clk 0:21:26]} Bxf3+ {[%clk 0:03:23]} 31. Nxf3 {[%clk 0:21:31]} Qd6
{[%clk 0:03:26]} 32. Qe3 {[%clk 0:21:14]} a5 {[%clk 0:03:11]} 33. Qa7
{[%clk 0:19:31]} Bd8 {[%clk 0:02:10]} 34. Rd2 {[%clk 0:19:52]} Qb6
{[%clk 0:01:57]} 35. Qd7 {[%clk 0:20:12]} Bf6 {[%clk 0:02:09]} 36. Rd6
{[%clk 0:20:13]} Rd8 {[%clk 0:01:27]} 37. Rxb6 {[%clk 0:19:59]} Rxd7
{[%clk 0:01:56]} 38. Ra6 {[%clk 0:20:25]} Rd5 {[%clk 0:01:34]} 39. e4
{[%clk 0:20:22]} Rd3 {[%clk 0:01:07]} 40. Rxa5 {[%clk 0:41:11]} Rxb3
{[%clk 0:30:55]} 41. e5 {[%clk 0:41:32]} Be7 {[%clk 0:26:53]} 42. Rb5
{[%clk 0:41:36]} Ra3 {[%clk 0:19:42]} 43. a5 {[%clk 0:41:30]} Kg7
{[%clk 0:19:48]} 44. Nd4 {[%clk 0:37:08]} Bd8 {[%clk 0:18:35]} 45. Rb7
{[%clk 0:36:44]} Kf8 {[%clk 0:08:31]} 46. Rb8 {[%clk 0:35:31]} Ke8
{[%clk 0:08:52]} 47. Nc6 {[%clk 0:35:35]} Kd7 {[%clk 0:09:08]} 48. Nxd8
{[%clk 0:35:50]} Kc7 {[%clk 0:09:24]} 49. Rxb4 {[%clk 0:36:03]} Kxd8
{[%clk 0:09:46]} 50. Rb8+ {[%clk 0:36:12]} Ke7 {[%clk 0:05:20]} 51. Ra8
{[%clk 0:36:21]} h6 {[%clk 0:04:06]} 52. Kh3 {[%clk 0:35:44]} Rf3
{[%clk 0:03:32]} 53. Kg2 {[%clk 0:35:52]} Ra3 {[%clk 0:04:01]} 54. a6
{[%clk 0:33:34]} Ra5 {[%clk 0:03:19]} 55. f4 {[%clk 0:33:13]} Ra2+
{[%clk 0:03:28]} 56. Kh3 {[%clk 0:33:35]} Ra3 {[%clk 0:03:47]} 57. Kg4
{[%clk 0:33:49]} Ra2 {[%clk 0:03:48]} 58. a7 {[%clk 0:34:00]} Ra3
{[%clk 0:04:01]} 59. h3 {[%clk 0:33:48]} Ra2 {[%clk 0:03:21]} 60. h4
{[%clk 0:34:08]} Ra4 {[%clk 0:02:40]} 61. h5 {[%clk 0:32:57]} g5 {[%clk 0:02:46]}
62. Rh8 {[%clk 0:32:39]} Rxa7 {[%clk 0:03:01]} 63. fxg5 {[%clk 0:32:37]} Ra4+
{[%clk 0:03:06]} 64. Kh3 {[%clk 0:32:43]} hxg5 {[%clk 0:03:16]} 65. h6
{[%clk 0:32:56]} Ra1 {[%clk 0:02:36]} 66. h7 {[%clk 0:33:13]} Rh1+
{[%clk 0:01:19]} 67. Kg4 {[%clk 0:33:38]} Rh2 {[%clk 0:01:11]} 68. Kxg5
{[%clk 0:34:01]} Rh3 {[%clk 0:00:53]} 69. g4 {[%clk 0:34:21]} Rh1
{[%clk 0:01:05]} 70. Kf4 {[%clk 0:32:19]} Rf1+ {[%clk 0:00:51]} 71. Kg3
{[%clk 0:30:39]} Rh1 {[%clk 0:01:18]} 72. g5 {[%clk 0:30:19]} Rh5
{[%clk 0:00:38]} 73. Kf4 {[%clk 0:30:14]} Rh4+ {[%clk 0:00:56]} 74. Ke3
{[%clk 0:30:40]} Rh5 {[%clk 0:00:34]} 75. g6 {[%clk 0:28:55]} Rxe5+
{[%clk 0:00:43]} 76. Kf4 {[%clk 0:28:19]} Rf5+ {[%clk 0:01:01]} 77. Kg4
{[%clk 0:28:24]} fxg6 {[%clk 0:01:14]} 78. Ra8 {[%clk 0:28:36]} 1-0

[Event "World Chess Olympiad 2018"]
[Site "Batumi"]
[Date "2018.09.30"]
[Round "6"]
[Board "4"]
[WhiteFideId "16300416"]
[White "Liu Yeh Yang"]
[BlackFideId "20500882"]
[Black "Chiona Richard"]
[Result "1-0"]
[LiveChessVersion "1.4.8"]
[BlackElo "1900"]
[WhiteElo "1926"]

1. e4 {[%clk 1:30:57]} d6 {[%clk 1:30:52]} 2. d4 {[%clk 1:31:24]} Nf6
{[%clk 1:31:17]} 3. Nc3 {[%clk 1:31:50]} g6 {[%clk 1:31:15]} 4. f4
{[%clk 1:32:15]} Bg7 {[%clk 1:31:32]} 5. Nf3 {[%clk 1:32:42]} O-O
{[%clk 1:31:42]} 6. Bd3 {[%clk 1:33:10]} Na6 {[%clk 1:31:56]} 7. O-O
{[%clk 1:33:37]} c5 {[%clk 1:31:40]} 8. d5 {[%clk 1:34:04]} Nc7 {[%clk 1:31:49]}
9. Re1 {[%clk 1:34:28]} Rb8 {[%clk 1:31:26]} 10. a4 {[%clk 1:34:42]} a6
{[%clk 1:29:29]} 11. a5 {[%clk 1:35:09]} b5 {[%clk 1:29:45]} 12. axb6
{[%clk 1:35:34]} Rxb6 {[%clk 1:29:03]} 13. Ra2 {[%clk 1:36:03]} e6
{[%clk 1:23:34]} 14. Na4 {[%clk 1:35:41]} Rb8 {[%clk 1:20:04]} 15. dxe6
{[%clk 1:36:07]} Bxe6 {[%clk 1:18:02]} 16. c4 {[%clk 1:36:28]} Bd7
{[%clk 1:16:03]} 17. e5 {[%clk 1:35:22]} Bxa4 {[%clk 1:14:36]} 18. Rxa4
{[%clk 1:33:43]} Nfe8 {[%clk 1:12:05]} 19. Qc2 {[%clk 1:29:02]} Qc8
{[%clk 1:08:21]} 20. f5 {[%clk 1:27:05]} dxe5 {[%clk 1:05:57]} 21. Nxe5
{[%clk 1:27:31]} Rb6 {[%clk 1:04:54]} 22. Ra5 {[%clk 1:25:37]} Qd8
{[%clk 1:02:29]} 23. Rxc5 {[%clk 1:22:57]} Qd6 {[%clk 1:01:24]} 24. Ra5
{[%clk 1:20:23]} Qb4 {[%clk 0:58:11]} 25. Qc3 {[%clk 1:16:42]} Qxc3
{[%clk 0:54:33]} 26. bxc3 {[%clk 1:17:09]} Rd6 {[%clk 0:53:59]} 27. Bc2
{[%clk 1:16:16]} gxf5 {[%clk 0:45:16]} 28. Ba3 {[%clk 1:14:31]} Rd2
{[%clk 0:43:08]} 29. Bxf8 {[%clk 1:14:05]} Kxf8 {[%clk 0:35:12]} 30. Bxf5
{[%clk 1:14:00]} Nd6 {[%clk 0:34:47]} 31. Bxh7 {[%clk 1:13:58]} Nb7
{[%clk 0:33:22]} 32. Ra2 {[%clk 1:13:23]} Bxe5 {[%clk 0:26:16]} 33. Rxd2
{[%clk 1:13:51]} Bxc3 {[%clk 0:26:26]} 34. Rde2 {[%clk 1:14:12]} Kg7
{[%clk 0:23:36]} 35. Be4 {[%clk 1:13:23]} Nc5 {[%clk 0:23:46]} 36. Rd1
{[%clk 1:11:42]} a5 {[%clk 0:23:46]} 37. Bc6 {[%clk 1:11:16]} N7e6
{[%clk 0:23:53]} 38. Bd5 {[%clk 1:09:58]} a4 {[%clk 0:22:05]} 39. Bxe6
{[%clk 1:09:58]} fxe6 {[%clk 0:21:19]} 40. Ra2 {[%clk 1:39:43]} Kf6
{[%clk 0:50:49]} 41. Kf1 {[%clk 1:40:02]} Kf5 {[%clk 0:50:57]} 42. Ke2
{[%clk 1:40:11]} Ke4 {[%clk 0:50:38]} 43. g3 {[%clk 1:39:44]} Be5
{[%clk 0:50:16]} 44. Ra3 {[%clk 1:39:35]} Bd4 {[%clk 0:50:14]} 45. h4
{[%clk 1:39:46]} e5 {[%clk 0:50:29]} 46. h5 {[%clk 1:39:21]} Kf5 {[%clk 0:50:53]}
47. h6 {[%clk 1:39:29]} Kg6 {[%clk 0:51:02]} 48. Rh1 {[%clk 1:39:55]} Kh7
{[%clk 0:51:21]} 49. Rf3 {[%clk 1:40:16]} e4 {[%clk 0:50:57]} 50. Rf7+
{[%clk 1:40:39]} Kg6 {[%clk 0:51:19]} 51. Ra7 {[%clk 1:40:15]} Bb2
{[%clk 0:51:00]} 52. h7 {[%clk 1:40:39]} Bh8 {[%clk 0:50:55]} 53. Ra8
{[%clk 1:40:50]} Kg7 {[%clk 0:51:06]} 54. Rg8+ {[%clk 1:41:14]} 1-0

[Event "World Chess Olympiad 2018"]
[Site "Batumi"]
[Date "2018.09.30"]
[Round "6"]
[Board "1"]
[WhiteFideId "10300163"]
[White "Al-Hajiri Bader"]
[BlackFideId "5901871"]
[Black "Michaelides Konstantinos"]
[Result "1-0"]
[LiveChessVersion "1.4.8"]
[BlackElo "2209"]
[WhiteElo "2112"]

1. e4 {[%clk 1:30:47]} e6 {[%clk 1:30:36]} 2. d4 {[%clk 1:31:06]} d5
{[%clk 1:30:48]} 3. Nd2 {[%clk 1:31:17]} Nf6 {[%clk 1:30:51]} 4. e5
{[%clk 1:31:13]} Nfd7 {[%clk 1:31:08]} 5. f4 {[%clk 1:31:15]} c5 {[%clk 1:31:13]}
6. c3 {[%clk 1:31:37]} Nc6 {[%clk 1:31:10]} 7. Ndf3 {[%clk 1:31:46]} Qb6
{[%clk 1:26:57]} 8. g3 {[%clk 1:31:34]} cxd4 {[%clk 1:27:04]} 9. cxd4
{[%clk 1:31:54]} Bb4+ {[%clk 1:26:49]} 10. Kf2 {[%clk 1:31:34]} f6
{[%clk 1:23:10]} 11. Bh3 {[%clk 1:24:10]} O-O {[%clk 1:14:09]} 12. Kg2
{[%clk 1:22:54]} fxe5 {[%clk 1:04:13]} 13. fxe5 {[%clk 1:21:29]} Ndxe5
{[%clk 0:53:03]} 14. dxe5 {[%clk 1:20:25]} Nxe5 {[%clk 0:53:25]} 15. Qe2
{[%clk 1:14:50]} Ng6 {[%clk 0:36:27]} 16. Be3 {[%clk 1:12:52]} Bc5
{[%clk 0:35:45]} 17. Bxc5 {[%clk 1:11:43]} Qxc5 {[%clk 0:36:14]} 18. Qd2
{[%clk 1:11:42]} Bd7 {[%clk 0:21:56]} 19. Rc1 {[%clk 1:07:44]} Qd6
{[%clk 0:21:29]} 20. Ne2 {[%clk 1:07:22]} e5 {[%clk 0:20:17]} 21. Bxd7
{[%clk 1:07:13]} Qxd7 {[%clk 0:20:46]} 22. Rc5 {[%clk 1:05:14]} Rad8
{[%clk 0:20:11]} 23. Rf1 {[%clk 1:01:40]} e4 {[%clk 0:12:03]} 24. Nfd4
{[%clk 1:00:00]} Rxf1 {[%clk 0:10:35]} 25. Kxf1 {[%clk 1:00:28]} Qh3+
{[%clk 0:10:17]} 26. Kg1 {[%clk 1:00:22]} Rf8 {[%clk 0:08:36]} 27. Rc1
{[%clk 0:59:45]} Ne5 {[%clk 0:06:29]} 28. Nf4 {[%clk 0:57:34]} Qh6
{[%clk 0:06:07]} 29. Kg2 {[%clk 0:56:37]} g5 {[%clk 0:02:15]} 30. Nf5
{[%clk 0:53:24]} Rxf5 {[%clk 0:00:33]} 31. Qxd5+ {[%clk 0:53:52]} Kg7
{[%clk 0:00:31]} 32. Rc7+ {[%clk 0:53:52]} Kh8 {[%clk 0:00:33]} 33. Rc8+
{[%clk 0:53:59]} Rf8 {[%clk 0:00:34]} 34. Qxe5+ {[%clk 0:54:20]} Kg8
{[%clk 0:00:55]} 35. Qxg5+ {[%clk 0:53:19]} Qxg5 {[%clk 0:00:58]} 36. Rxf8+
{[%clk 0:53:43]} 1-0

[Event "World Chess Olympiad 2018"]
[Site "Batumi"]
[Date "2018.09.30"]
[Round "6"]
[Board "2"]
[WhiteFideId "5900077"]
[White "Savva Panikos"]
[BlackFideId "10300040"]
[Black "Al Azmi Khalaf"]
[Result "1-0"]
[LiveChessVersion "1.4.8"]
[BlackElo "1785"]
[WhiteElo "2062"]

1. d4 {[%clk 1:30:42]} Nf6 {[%clk 1:30:51]} 2. c4 {[%clk 1:30:57]} e6
{[%clk 1:31:08]} 3. Nc3 {[%clk 1:30:31]} Bb4 {[%clk 1:31:14]} 4. e3
{[%clk 1:29:38]} O-O {[%clk 1:30:34]} 5. Nge2 {[%clk 1:29:16]} d5
{[%clk 1:28:31]} 6. a3 {[%clk 1:29:22]} Bxc3+ {[%clk 1:28:34]} 7. Nxc3
{[%clk 1:29:44]} Nbd7 {[%clk 1:27:17]} 8. Qc2 {[%clk 1:27:52]} b6
{[%clk 1:26:25]} 9. cxd5 {[%clk 1:26:35]} exd5 {[%clk 1:20:59]} 10. Be2
{[%clk 1:25:28]} Bb7 {[%clk 1:18:40]} 11. O-O {[%clk 1:21:59]} Rc8
{[%clk 1:18:13]} 12. Bf3 {[%clk 1:13:11]} Re8 {[%clk 1:13:23]} 13. Qf5
{[%clk 1:02:56]} Nf8 {[%clk 1:12:32]} 14. Bd2 {[%clk 1:00:40]} Ne6
{[%clk 1:12:33]} 15. Rfd1 {[%clk 0:55:58]} g6 {[%clk 1:09:52]} 16. Qd3
{[%clk 0:53:18]} Ng5 {[%clk 1:07:00]} 17. Be2 {[%clk 0:52:14]} c5
{[%clk 1:04:39]} 18. dxc5 {[%clk 0:44:20]} bxc5 {[%clk 1:03:32]} 19. Be1
{[%clk 0:40:08]} Qe7 {[%clk 0:56:39]} 20. h4 {[%clk 0:34:00]} Nge4
{[%clk 0:54:28]} 21. Bf3 {[%clk 0:32:21]} Nxc3 {[%clk 0:49:05]} 22. Bxc3
{[%clk 0:32:06]} Ne4 {[%clk 0:47:46]} 23. Bxe4 {[%clk 0:18:54]} Qxe4
{[%clk 0:44:46]} 24. Qxe4 {[%clk 0:19:17]} Rxe4 {[%clk 0:44:01]} 25. g3
{[%clk 0:18:48]} Rd8 {[%clk 0:40:07]} 26. Rac1 {[%clk 0:17:42]} f5
{[%clk 0:29:31]} 27. Bf6 {[%clk 0:12:31]} Rc8 {[%clk 0:27:15]} 28. Rc3
{[%clk 0:12:06]} h6 {[%clk 0:23:49]} 29. Rdc1 {[%clk 0:09:54]} Rf8
{[%clk 0:19:42]} 30. Rb3 {[%clk 0:08:38]} Ba6 {[%clk 0:16:47]} 31. Bc3
{[%clk 0:08:55]} d4 {[%clk 0:14:34]} 32. exd4 {[%clk 0:07:50]} cxd4
{[%clk 0:13:44]} 33. Bd2 {[%clk 0:06:38]} h5 {[%clk 0:09:48]} 34. Rc6
{[%clk 0:05:00]} Bc8 {[%clk 0:04:41]} 35. Rxg6+ {[%clk 0:02:48]} Kf7
{[%clk 0:05:08]} 36. Rc6 {[%clk 0:02:51]} Re2 {[%clk 0:04:44]} 37. Rc7+
{[%clk 0:02:13]} Ke6 38. Bg5 {[%clk 0:02:08]} Re1+ {[%clk 0:03:10]} 39. Kg2
{[%clk 0:02:18]} Rf7 {[%clk 0:03:12]} 40. Rxc8 {[%clk 0:32:10]} Rd1
{[%clk 0:33:04]} 41. Rb5 {[%clk 0:29:09]} Rd7 {[%clk 0:30:57]} 42. Rc6+
{[%clk 0:28:35]} Kf7 {[%clk 0:31:01]} 43. Rxf5+ {[%clk 0:28:47]} Kg7
{[%clk 0:31:06]} 44. Bh6+ {[%clk 0:28:11]} Kg8 {[%clk 0:25:13]} 45. Bf4
{[%clk 0:27:18]} d3 {[%clk 0:24:20]} 46. Rg5+ {[%clk 0:25:43]} Kf7
{[%clk 0:21:22]} 47. Rxh5 {[%clk 0:25:39]} Kg8 {[%clk 0:18:22]} 48. Rc8+
{[%clk 0:24:04]} Kg7 {[%clk 0:18:39]} 49. Rg5+ {[%clk 0:22:52]} Kf6
{[%clk 0:15:46]} 50. Rf8+ {[%clk 0:22:32]} Ke7 {[%clk 0:14:30]} 51. Rg7+
{[%clk 0:22:14]} 1-0

[Event "World Chess Olympiad 2018"]
[Site "Batumi"]
[Date "2018.09.30"]
[Round "6"]
[Board "3"]
[WhiteFideId "10300015"]
[White "Alothman Abdul Wahab"]
[BlackFideId "5902355"]
[Black "Damianou Ioannis"]
[Result "1/2-1/2"]
[LiveChessVersion "1.4.8"]
[BlackElo "2008"]
[WhiteElo "1911"]

1. d4 {[%clk 1:30:54]} Nf6 {[%clk 1:30:48]} 2. Nf3 {[%clk 1:31:17]} e6
{[%clk 1:31:00]} 3. c4 {[%clk 1:31:29]} b6 {[%clk 1:30:58]} 4. a3
{[%clk 1:30:11]} Ba6 {[%clk 1:30:12]} 5. e3 {[%clk 1:27:28]} Be7 {[%clk 1:25:09]}
6. Bd3 {[%clk 1:26:35]} Bb7 {[%clk 1:21:22]} 7. Nc3 {[%clk 1:26:04]} O-O
{[%clk 1:20:15]} 8. O-O {[%clk 1:21:45]} d5 {[%clk 1:18:35]} 9. b3
{[%clk 1:09:14]} Nbd7 {[%clk 1:14:59]} 10. Bb2 {[%clk 1:09:10]} c5
{[%clk 1:11:26]} 11. cxd5 {[%clk 1:07:29]} exd5 {[%clk 1:08:53]} 12. Rc1
{[%clk 1:03:30]} Rc8 {[%clk 1:04:16]} 13. Qe2 {[%clk 0:55:21]} Ne4
{[%clk 0:55:58]} 14. Rfd1 {[%clk 0:46:36]} Qc7 {[%clk 0:42:39]} 15. Nb5
{[%clk 0:38:47]} Qb8 {[%clk 0:42:03]} 16. dxc5 {[%clk 0:38:11]} Nexc5
{[%clk 0:37:49]} 17. Bc2 {[%clk 0:32:12]} Bf6 {[%clk 0:33:37]} 18. Bxf6
{[%clk 0:29:01]} Nxf6 {[%clk 0:33:59]} 19. b4 {[%clk 0:19:29]} Nce4
{[%clk 0:34:00]} 20. Bxe4 {[%clk 0:17:00]} dxe4 {[%clk 0:33:41]} 21. Nfd4
{[%clk 0:16:05]} a6 {[%clk 0:24:31]} 22. Nc3 {[%clk 0:16:07]} Qe5
{[%clk 0:24:48]} 23. h3 {[%clk 0:14:01]} h6 {[%clk 0:23:03]} 24. Rc2
{[%clk 0:13:18]} Rc7 {[%clk 0:22:19]} 25. Rdc1 {[%clk 0:13:30]} Rfc8
{[%clk 0:22:11]} 26. Nd1 {[%clk 0:12:32]} Nd5 {[%clk 0:19:13]} 27. Rxc7
{[%clk 0:12:00]} Rxc7 {[%clk 0:19:22]} 28. Rxc7 {[%clk 0:12:23]} Qxc7
{[%clk 0:19:40]} 29. Qc2 {[%clk 0:12:43]} Qxc2 {[%clk 0:16:58]} 30. Nxc2
{[%clk 0:13:08]} Bc6 {[%clk 0:14:08]} 31. Nd4 {[%clk 0:12:58]} Bd7
{[%clk 0:14:31]} 32. Kf1 {[%clk 0:12:39]} Kf8 {[%clk 0:14:40]} 33. Ke2
{[%clk 0:12:57]} Ke7 {[%clk 0:14:25]} 34. Kd2 {[%clk 0:13:15]} Kd6
{[%clk 0:10:28]} 35. Nc3 {[%clk 0:13:13]} f5 {[%clk 0:10:12]} 36. h4
{[%clk 0:12:48]} g6 {[%clk 0:09:05]} 37. g3 {[%clk 0:13:09]} Nf6 {[%clk 0:08:01]}
38. Nd1 {[%clk 0:09:21]} Ng4 {[%clk 0:06:47]} 39. Kc3 {[%clk 0:04:40]} Ba4
{[%clk 0:04:51]} 40. Nb2 {[%clk 0:31:25]} Bd7 {[%clk 0:34:47]} 41. Nc4+
{[%clk 0:27:08]} Kc7 {[%clk 0:33:51]} 42. f3 {[%clk 0:23:47]} exf3
{[%clk 0:29:17]} 43. Nxf3 {[%clk 0:24:08]} Nf6 {[%clk 0:27:31]} 44. Kd4
{[%clk 0:21:43]} Nh5 {[%clk 0:24:47]} 45. Nce5 {[%clk 0:19:18]} Nxg3
{[%clk 0:22:39]} 46. Nxg6 {[%clk 0:18:41]} Kd6 {[%clk 0:22:46]} 47. Nf4
{[%clk 0:17:01]} Be6 {[%clk 0:19:41]} 1/2-1/2

[Event "World Chess Olympiad 2018"]
[Site "Batumi"]
[Date "2018.09.30"]
[Round "6"]
[Board "4"]
[WhiteFideId "5900360"]
[White "Georgiou Andreas"]
[BlackFideId "10301186"]
[Black "Alothman Salem"]
[Result "1-0"]
[LiveChessVersion "1.4.8"]
[BlackElo "1690"]
[WhiteElo "1868"]

1. d4 {[%clk 1:30:46]} d5 {[%clk 1:30:55]} 2. c4 {[%clk 1:30:53]} e6
{[%clk 1:31:14]} 3. Nc3 {[%clk 1:31:09]} c5 {[%clk 1:31:25]} 4. cxd5
{[%clk 1:31:29]} exd5 {[%clk 1:31:47]} 5. e4 {[%clk 1:31:36]} dxe4
{[%clk 1:24:33]} 6. Bc4 {[%clk 1:31:53]} cxd4 {[%clk 1:19:54]} 7. Qb3
{[%clk 1:32:13]} Nf6 {[%clk 1:12:55]} 8. Bxf7+ {[%clk 1:31:19]} Ke7
{[%clk 1:13:17]} 9. Bf4 {[%clk 1:26:39]} dxc3 {[%clk 0:57:02]} 10. Rd1
{[%clk 1:26:58]} Qb6 {[%clk 0:56:19]} 11. Bd6+ {[%clk 1:27:14]} Qxd6
{[%clk 0:56:01]} 12. Rxd6 {[%clk 1:27:35]} Kxd6 {[%clk 0:56:26]} 13. Ne2
{[%clk 1:24:22]} Nc6 {[%clk 0:55:11]} 14. Nxc3 {[%clk 1:22:18]} a6
{[%clk 0:50:40]} 15. O-O {[%clk 1:18:12]} Kc7 {[%clk 0:49:56]} 16. Rd1
{[%clk 1:14:20]} Bg4 {[%clk 0:48:27]} 17. f3 {[%clk 1:09:02]} Bc5+
{[%clk 0:48:02]} 18. Kf1 {[%clk 1:09:16]} exf3 {[%clk 0:47:13]} 19. gxf3
{[%clk 1:03:33]} Bxf3 {[%clk 0:36:46]} 20. Rd3 {[%clk 0:59:21]} Bg4
{[%clk 0:33:23]} 21. Qc4 {[%clk 0:56:06]} Rhf8 {[%clk 0:25:45]} 22. Qxc5
{[%clk 0:44:40]} Rxf7 {[%clk 0:26:00]} 23. Qd6+ {[%clk 0:44:57]} Kc8
{[%clk 0:14:42]} 24. Kg1 {[%clk 0:45:06]} Bf5 {[%clk 0:13:02]} 25. Na4
{[%clk 0:44:05]} Nd7 {[%clk 0:12:27]} 26. Re3 {[%clk 0:32:12]} Kd8
{[%clk 0:10:46]} 27. Nc5 {[%clk 0:22:44]} Re7 {[%clk 0:08:22]} 28. Nxb7+
{[%clk 0:21:58]} Ke8 {[%clk 0:08:39]} 29. Qxc6 {[%clk 0:20:08]} Rb8
{[%clk 0:05:35]} 30. Nd6+ {[%clk 0:18:33]} 1-0

[Event "World Chess Olympiad 2018"]
[Site "Batumi"]
[Date "2018.09.30"]
[Round "6"]
[Board "1"]
[WhiteFideId "10500103"]
[White "Pg Mohd Omar Ak Hira"]
[BlackFideId "9200711"]
[Black "Alharari Mohammed Alsouri"]
[Result "1/2-1/2"]
[LiveChessVersion "1.4.8"]
[BlackElo "2038"]
[WhiteElo "2175"]

1. e4 {[%clk 1:30:21]} d5 {[%clk 1:30:54]} 2. exd5 {[%clk 1:29:44]} Qxd5
{[%clk 1:31:15]} 3. Nc3 {[%clk 1:29:56]} Qd6 {[%clk 1:31:38]} 4. g3
{[%clk 1:26:57]} Nf6 {[%clk 1:29:46]} 5. Bg2 {[%clk 1:25:38]} a6 {[%clk 1:26:16]}
6. Nf3 {[%clk 1:24:12]} Nc6 {[%clk 1:25:53]} 7. O-O {[%clk 1:21:17]} Bg4
{[%clk 1:25:15]} 8. h3 {[%clk 1:04:24]} Bh5 {[%clk 1:24:23]} 9. d4
{[%clk 0:59:54]} O-O-O {[%clk 1:20:41]} 10. Be3 {[%clk 0:59:10]} e5
{[%clk 1:13:51]} 11. dxe5 {[%clk 0:55:28]} Nxe5 {[%clk 1:11:46]} 12. Qxd6
{[%clk 0:55:01]} Nxf3+ {[%clk 1:06:27]} 13. Bxf3 {[%clk 0:53:54]} Bxd6
{[%clk 1:06:39]} 14. Bg2 {[%clk 0:52:04]} Bg6 {[%clk 1:02:47]} 15. Rac1
{[%clk 0:49:46]} Rhe8 {[%clk 0:59:31]} 16. Rfe1 {[%clk 0:48:32]} Re7
{[%clk 0:51:03]} 17. Ne2 {[%clk 0:40:44]} h6 {[%clk 0:34:42]} 18. a3
{[%clk 0:36:50]} Be4 {[%clk 0:30:33]} 19. Nd4 {[%clk 0:31:54]} Ree8
{[%clk 0:21:33]} 20. Bxe4 {[%clk 0:26:46]} Rxe4 {[%clk 0:18:38]} 21. Nf5
{[%clk 0:24:39]} Bf8 {[%clk 0:18:23]} 22. Rcd1 {[%clk 0:20:36]} Re5
{[%clk 0:16:21]} 23. Rxd8+ {[%clk 0:20:06]} Kxd8 {[%clk 0:16:39]} 24. Rd1+
{[%clk 0:20:14]} Rd5 {[%clk 0:16:51]} 25. Rxd5+ {[%clk 0:19:53]} Nxd5
{[%clk 0:17:16]} 26. Bd2 {[%clk 0:20:00]} Ne7 {[%clk 0:14:17]} 27. Ne3
{[%clk 0:18:58]} Nc8 {[%clk 0:12:16]} 28. Kg2 {[%clk 0:15:45]} Kd7
{[%clk 0:11:50]} 29. Kf3 {[%clk 0:15:19]} Ke6 {[%clk 0:12:00]} 30. Ke4
{[%clk 0:15:17]} Nd6+ {[%clk 0:12:22]} 31. Kd3 {[%clk 0:15:28]} Nf5
{[%clk 0:11:48]} 32. Nxf5 {[%clk 0:14:51]} Kxf5 {[%clk 0:12:12]} 33. g4+
{[%clk 0:15:11]} Ke6 {[%clk 0:11:24]} 34. a4 {[%clk 0:13:48]} Be7
{[%clk 0:09:05]} 35. Ke4 {[%clk 0:13:49]} Bf6 {[%clk 0:08:59]} 36. b3
{[%clk 0:14:00]} Be5 {[%clk 0:07:03]} 37. f4 {[%clk 0:12:08]} 1/2-1/2

[Event "World Chess Olympiad 2018"]
[Site "Batumi"]
[Date "2018.09.30"]
[Round "6"]
[Board "2"]
[WhiteFideId "9202609"]
[White "Abo Moliana Montasar"]
[BlackFideId "10500324"]
[Black "Hj Azahari Md Aliuddin"]
[Result "1-0"]
[LiveChessVersion "1.4.8"]
[BlackElo "1991"]
[WhiteElo "1993"]

1. e4 {[%clk 1:30:57]} d6 {[%clk 1:30:47]} 2. Nc3 {[%clk 1:31:18]} Nf6
{[%clk 1:30:50]} 3. f4 {[%clk 1:31:40]} e5 {[%clk 1:29:40]} 4. Bc4
{[%clk 1:31:21]} Be7 {[%clk 1:28:41]} 5. d3 {[%clk 1:31:12]} Nc6 {[%clk 1:24:30]}
6. Nf3 {[%clk 1:30:10]} O-O {[%clk 1:19:49]} 7. a3 {[%clk 1:28:23]} h6
{[%clk 1:18:07]} 8. f5 {[%clk 1:25:26]} Nd4 {[%clk 1:11:52]} 9. O-O
{[%clk 1:19:13]} c6 {[%clk 1:08:29]} 10. Ba2 {[%clk 1:18:34]} Re8
{[%clk 1:05:17]} 11. Kh1 {[%clk 1:17:12]} Bf8 {[%clk 0:59:29]} 12. Be3
{[%clk 1:09:18]} c5 {[%clk 0:52:08]} 13. Nd5 {[%clk 1:00:29]} b6 {[%clk 0:47:28]}
14. c3 {[%clk 0:59:42]} Nxf3 {[%clk 0:46:51]} 15. Qxf3 {[%clk 0:58:27]} Bb7
{[%clk 0:45:19]} 16. Nxf6+ {[%clk 0:58:38]} Qxf6 {[%clk 0:45:40]} 17. g4
{[%clk 0:56:37]} Qd8 {[%clk 0:29:24]} 18. g5 {[%clk 0:45:38]} hxg5
{[%clk 0:28:10]} 19. Qh5 d5 {[%clk 0:25:15]} 20. Bxg5 {[%clk 0:42:12]} f6
{[%clk 0:23:49]} 21. Bh6 {[%clk 0:30:10]} Qd7 {[%clk 0:17:21]} 22. Rg1
{[%clk 0:29:58]} Re7 {[%clk 0:13:12]} 23. Rg6 {[%clk 0:26:31]} Rc8
{[%clk 0:11:22]} 24. Rag1 {[%clk 0:26:13]} c4 {[%clk 0:10:05]} 25. R1g3
{[%clk 0:12:03]} dxe4 {[%clk 0:07:46]} 26. dxc4 {[%clk 0:02:27]} e3+
{[%clk 0:03:16]} 27. Kg1 {[%clk 0:02:40]} Qd2 {[%clk 0:03:02]} 28. c5+
{[%clk 0:02:29]} Bd5 {[%clk 0:03:19]} 29. Bxd5+ {[%clk 0:02:47]} Qxd5
{[%clk 0:03:47]} 30. Bxe3 {[%clk 0:03:06]} bxc5 {[%clk 0:02:29]} 31. Rh6
{[%clk 0:03:12]} 1-0